|
|
|
|
| LEADER |
00627nam a2200193 a 4500 |
| 001 |
000443647 |
| 003 |
CZ BrMZK |
| 005 |
20120628093437.0 |
| 008 |
990307s1983 xr f cze d |
| 040 |
|
|
|a BOA001
|b cze
|
| 100 |
1 |
|
|a Bečka, Karel
|7 jk01011289
|
| 245 |
1 |
0 |
|a Než je dáte do jeslí /
|c Karel Bečka
|
| 250 |
|
|
|a 7. vyd.
|
| 260 |
|
|
|a Praha :
|b Ústav zdravotní výchovy,
|c 1983
|
| 300 |
|
|
|a 1 slož. list
|
| 910 |
|
|
|a BOA001
|b PK-0086.474-83
|
| 964 |
|
|
|a Vstup do jeslí - příprava - letáky pro rodiče
|
| 990 |
|
|
|a BK
|
| 996 |
7 |
|
|b 3119830647
|c PK-0086.474-83
|l MZK
|r Sklad / do 1 hodiny
|n 0
|w 000443647
|u 000010
|a 1
|e BOA001
|j MZK50
|s A
|